01700nam a2200253Ia 450000500170000000800410001702000180005810000300007624500960010625000390020230000270024149000450026852008410031365000370115465000410119165000330123270000210126526400260128633600270131233700330133933800280137204000350140008400110143520220317001038.0160825s2009 sp g 000 0 spa  a97884206380121 aProust, Marceld1871-192210aEn busca del tiempo perdido, 5bla prisioneracMarcel Proust ; traducción Consuelo Berges a1a. edición b6a. reimpresión  a463 páginas c24 cm  aEl libro de bolsillop biblioteca Proust aLa monumental obra de Marcel Proust (1871-1922) "En busca del tiempo perdido" es un inmenso retrato de toda una sociedad y es considerada como una de las grandes obras maestras de toda la literatura. Como su nombre lo indica, Proust trató de recobrar en su novela en siete volúmenes lo que había sido el ayer y sus personajes están basados en el círculo del autor. La obra total es un reflejo de uno de los más brillantes análisis de la conciencia que se hayan escrito. En las breves descripciones que siguen, se esbozan momentos de la riquisima novela. En esta quinta del ciclo, se muestra como después de muchos altibajos en su relación, el protagonista lleva a Albertine a Paris, pero lejos de la felicidad esperada comienza una vida de celos que termina cuando después de una aparente reconciliación, ella huye142LEMBaNovela francesa ySiglo XX142LEMBaLiteratura francesa ySiglo XX142LEMBaAmor en la literatura 1 aBerges, Consuelo aMadridbAlianzac2009 atextobtxt2rdacontent asin mediaciónbn2rdamedia avolumenbnc2rdacarrier aCO-BoRNBPbspaerdacCO-BoRNBP aN PRO1